[Event "ROM-chT (Women)"]
[Site "Baile Govora"]
[Date "2017.11.18"]
[Round "8.1"]
[White "Ciungan, Diana Alexandra"]
[Black "Vulpe, Raisa Georgiana"]
[Result "1-0"]
[WhiteElo "1903"]
[BlackElo "1543"]
[PlyCount "77"]
[EventDate "2017.11.11"]
[EventType "team-tourn"]
[EventRounds "9"]
[EventCountry "ROU"]
[SourceTitle "CBM 181 Extra"]
[Source "ChessBase"]
[SourceDate "2017.12.12"]
[SourceVersion "1"]
[SourceVersionDate "2017.12.12"]
[SourceQuality "1"]
[WhiteTeam "Sanandrei (W)"]
[BlackTeam "Galati (W)"]
[WhiteTeamCountry "ROU"]
[BlackTeamCountry "ROU"]

1. f4 e6 2. Nf3 f5 3. g3 b6 4. Bg2 Bb7 5. 0-0 Nf6 6. d3 Be7 7. Nc3 0-0 8. Re1 Bb4 9. Bd2 Bxc3 10. Bxc3 Qe7 11. e3 d6 12. a4 a5 13. b3 Nbd7 14. Bb2 Rae8 15. Qd2 h6 16. b4 axb4 17. Qxb4 Rb8 18. e4 fxe4 19. dxe4 Qf7 20. e5 Nd5 21. Qd4 dxe5 22. Nxe5 Nxe5 23. Qxe5 Rfe8 24. Bh3 Bc8 25. Rad1 Nf6 26. Rd4 Ra8 27. Rc4 Ra7 28. Rc6 Nd7 29. Qe3 Nc5 30. f5 e5 31. Bxe5 Bd7 32. Rg6 Kf8 33. Qc3 Re7 34. Bxg7+ Ke8 35. Rxe7+ Kxe7 36. Bf6+ Kf8 37. Bh4 Ke8 38. Qh8+ Qf8 39. Rg8 1-0

[Event "ROM-chT (Women)"]
[Site "Baile Govora"]
[Date "2017.11.15"]
[Round "5.4"]
[White "Daulyte Cornette, Deimante"]
[Black "Vulpe, Raisa Georgiana"]
[Result "1-0"]
[WhiteElo "2413"]
[BlackElo "1543"]
[PlyCount "45"]
[EventDate "2017.11.11"]
[EventType "team-tourn"]
[EventRounds "9"]
[EventCountry "ROU"]
[SourceTitle "CBM 181 Extra"]
[Source "ChessBase"]
[SourceDate "2017.12.12"]
[SourceVersion "1"]
[SourceVersionDate "2017.12.12"]
[SourceQuality "1"]
[WhiteTeam "Bucharest CSM (W)"]
[BlackTeam "Galati (W)"]
[WhiteTeamCountry "ROU"]
[BlackTeamCountry "ROU"]

1. e4 e6 2. d4 d5 3. Nc3 Nf6 4. Bg5 Bb4 5. e5 h6 6. Bd2 Bxc3 7. bxc3 Ne4 8. Bd3 Nxd2 9. Qxd2 c5 10. Nf3 Nc6 11. Bb5 Qb6 12. a4 0-0 13. 0-0 Bd7 14. Rfb1 cxd4 15. cxd4 Qc7 16. Ra3 a6 17. Bxc6 Bxc6 18. Ne1 Rac8 19. Rbb3 Bd7 20. Rg3 Kh7 21. Rxg7+ Kxg7 22. Rg3+ Kh7 23. Rh3 1-0

[Event "EU-ch U12 Girls 27th"]
[Site "Mamaia"]
[Date "2017.09.09"]
[Round "5"]
[White "Vulpe, Raisa Georgiana"]
[Black "Tryggestad, Linnea Garberg"]
[Result "1/2-1/2"]
[WhiteElo "1432"]
[BlackElo "1597"]
[PlyCount "76"]
[EventDate "2017.09.05"]
[EventType "swiss"]
[EventRounds "9"]
[EventCountry "ROU"]
[SourceTitle "EXT 2018"]
[Source "ChessBase"]
[SourceDate "2017.10.13"]
[SourceVersion "1"]
[SourceVersionDate "2017.10.13"]
[SourceQuality "1"]

1. e4 c6 2. d4 d5 3. e5 Bf5 4. h4 Bd7 5. Bd3 e6 6. Nf3 h6 7. c3 c5 8. 0-0 Nc6 9. Be3 b6 10. Nbd2 g6 11. Qe2 cxd4 12. cxd4 Bg7 13. a3 Nge7 14. Rac1 Rc8 15. Ba6 Rc7 16. Nb3 Nf5 17. g3 Nxe3 18. Qxe3 0-0 19. Rc3 Nb8 20. Rxc7 Qxc7 21. Rc1 Bc6 22. Bb5 Qd7 23. Bxc6 Nxc6 24. Rc3 Rc8 25. Qc1 Ne7 26. Kf1 Rxc3 27. Qxc3 Qb5+ 28. Kg2 Nc6 29. g4 Kf8 30. Nfd2 Ke8 31. Kf3 Kd7 32. Ke3 Bf8 33. Qd3 Qxd3+ 34. Kxd3 Be7 35. Nf3 Kc7 36. Nbd2 Kd7 37. Nb1 Na5 38. Nbd2 Nc6 1/2-1/2

[Event "EU-ch U12 Girls 27th"]
[Site "Mamaia"]
[Date "2017.09.07"]
[Round "3"]
[White "Vulpe, Raisa Georgiana"]
[Black "Tsotsonava, Elene"]
[Result "0-1"]
[WhiteElo "1432"]
[BlackElo "1644"]
[PlyCount "120"]
[EventDate "2017.09.05"]
[EventType "swiss"]
[EventRounds "9"]
[EventCountry "ROU"]
[SourceTitle "CBM 180 Extra"]
[Source "ChessBase"]
[SourceDate "2017.10.06"]
[SourceVersion "1"]
[SourceVersionDate "2017.10.06"]
[SourceQuality "1"]

1. e4 c5 2. Nf3 Nc6 3. d4 cxd4 4. Nxd4 Nf6 5. Nc3 e5 6. Ndb5 d6 7. Bg5 a6 8. Bxf6 gxf6 9. Na3 b5 10. Nd5 f5 11. Bd3 Be6 12. c3 Bxd5 13. exd5 Ne7 14. Qd2 Bg7 15. Nc2 e4 16. Be2 Ng6 17. Bh5 Ne5 18. Be2 0-0 19. Nd4 Qf6 20. Qf4 Qg6 21. 0-0 Nd3 22. Bxd3 Bxd4 23. cxd4 exd3 24. Rad1 Rfe8 25. Rxd3 Re4 26. Qd2 Kh8 27. Rc1 Rae8 28. Re3 f4 29. Rxe4 Qxe4 30. a3 f3 31. g3 Qg4 32. Qf4 Qxf4 33. gxf4 Re4 34. Rd1 Rxf4 35. h3 h5 36. Rd3 Kg7 37. Kh2 h4 38. Kg1 Kg6 39. Kf1 Kf5 40. Ke1 Ke4 41. Kd2 Kxd5 42. Kc3 a5 43. b4 a4 44. Rd2 f6 45. Rd3 f5 46. Rd2 Re4 47. Rd3 f4 48. Rxf3 Rxd4 49. Rd3 Rxd3+ 50. Kxd3 f3 51. Ke3 Kc4 52. Kxf3 d5 53. Ke2 Kd4 54. Kf3 Kc3 55. Ke2 d4 56. f4 Kc2 57. f5 d3+ 58. Ke3 d2 59. f6 d1Q 60. f7 Qf1 0-1

[Event "ROM-ch U12 Girls"]
[Site "Baile Felix"]
[Date "2017.02.05"]
[Round "4"]
[White "Puia, Alexia Teodora"]
[Black "Vulpe, Raisa Georgiana"]
[Result "1-0"]
[WhiteElo "1487"]
[BlackElo "1424"]
[PlyCount "61"]
[EventDate "2017.02.02"]
[EventType "swiss"]
[EventRounds "9"]
[EventCountry "ROU"]
[SourceTitle "CBM 176 Extra"]
[Source "ChessBase"]
[SourceDate "2017.03.02"]
[SourceVersion "1"]
[SourceVersionDate "2017.03.02"]
[SourceQuality "1"]

1. d4 e6 2. Nf3 f5 3. Bf4 Nf6 4. e3 b6 5. Bd3 Bb7 6. Nbd2 d6 7. c4 Be7 8. 0-0 0-0 9. Qc2 Nbd7 10. Ng5 Qc8 11. Nxe6 Re8 12. Bxf5 c5 13. d5 Ba6 14. Rfc1 Rb8 15. Ng5 Qc7 16. Be6+ Kf8 17. Bf7 Qb7 18. Bxe8 Kxe8 19. Nxh7 Nxh7 20. Qxh7 Kf8 21. Qf5+ Kg8 22. Qe6+ Kf8 23. Bxd6 Bxd6 24. Qxd6+ Kg8 25. Qe6+ Kh8 26. Ne4 Rf8 27. Nd6 Qc7 28. Nf7+ Kh7 29. Ng5+ Kh8 30. Qg6 Nf6 31. Ne6 1-0

[Event "EU School-ch U11 Girls"]
[Site "Kallithea"]
[Date "2016.06.23"]
[Round "7"]
[White "Vulpe, Raisa Georgiana"]
[Black "Zvereva, Margarita"]
[Result "0-1"]
[WhiteElo "1466"]
[BlackElo "1747"]
[PlyCount "136"]
[EventDate "2016.06.17"]
[EventType "swiss"]
[EventRounds "9"]
[EventCountry "GRE"]
[SourceTitle "EXT 2017"]
[Source "ChessBase"]
[SourceDate "2016.10.25"]
[SourceVersion "1"]
[SourceVersionDate "2016.10.25"]
[SourceQuality "1"]

1. e4 c6 2. Nf3 d5 3. Nc3 Nf6 4. d3 d4 5. Ne2 c5 6. g3 Nc6 7. Bg2 e5 8. 0-0 Bd6 9. Bg5 h6 10. Bxf6 Qxf6 11. Nd2 g5 12. Nc4 Bc7 13. b3 h5 14. h3 b5 15. Nb2 Bb7 16. Qd2 Ba5 17. Qc1 Bc3 18. Rb1 Bxb2 19. Qxb2 b4 20. a4 bxa3 21. Qxa3 Nb4 22. Qb2 Qc6 23. Rfd1 Ba6 24. Ra1 Bb5 25. Qc1 Qf6 26. Qd2 Qe7 27. Ra5 a6 28. Rda1 0-0 29. Rc1 f6 30. Bf3 Qh7 31. Rd1 Rad8 32. Rda1 Qg6 33. Bg2 Rf7 34. Re1 Rdf8 35. Rf1 Qg7 36. Raa1 Ra7 37. Ra5 Qc7 38. Rfa1 Rd8 39. Bf3 Nc6 40. R5a2 Qh7 41. Bg2 Rda8 42. c4 dxc3 43. Qxc3 Nb4 44. Rd2 Rc7 45. Rad1 a5 46. Ra1 Qd7 47. Nc1 Qd4 48. Qxd4 cxd4 49. Bf1 Nc2 50. Rb1 Rac8 51. Na2 Nb4 52. Nxb4 axb4 53. Rbb2 Rc3 54. Be2 Ra8 55. Rbc2 Rxb3 56. Rc5 Rb8 57. Kf1 Rc3 58. Rd5 b3 59. Rb2 Bxd3 60. Bxd3 Rxd3 61. Ke2 Rc3 62. Kd2 Rbc8 63. Rd6 Kg7 64. Rd7+ Kg6 65. Rb7 Rc2+ 66. Rxc2 Rxc2+ 67. Kd1 Rxf2 68. Rxb3 Rh2 0-1

[Event "ROM-ch U12 Girls"]
[Site "Calimanesti Caciulata"]
[Date "2016.04.18"]
[Round "1"]
[White "Vulpe, Raisa Georgiana"]
[Black "Bajenaru, Bianca Emiliana"]
[Result "1-0"]
[WhiteElo "1529"]
[BlackElo "1174"]
[PlyCount "99"]
[EventDate "2016.04.18"]
[EventType "swiss"]
[EventRounds "9"]
[EventCountry "ROU"]
[SourceTitle "CBM 172 Extra"]
[Source "ChessBase"]
[SourceDate "2016.06.21"]
[SourceVersion "1"]
[SourceVersionDate "2016.06.21"]
[SourceQuality "1"]

1. e4 e5 2. Nf3 Nc6 3. Bc4 Bc5 4. c3 Nf6 5. d4 exd4 6. cxd4 Bb4+ 7. Nc3 Nxe4 8. 0-0 Bxc3 9. d5 Na5 10. bxc3 Nxc4 11. Qd4 Ncd6 12. Qxg7 Qf6 13. Qxf6 Nxf6 14. Re1+ Kd8 15. Bg5 Nde8 16. Ne5 Ke7 17. Ng6+ Kd6 18. Nxh8 b6 19. Nxf7+ Kxd5 20. f3 Kc6 21. Re3 Ba6 22. Rae1 d6 23. Nh6 Bc4 24. a3 Rd8 25. Nf5 Rb8 26. Nd4+ Kb7 27. Re7 Ka6 28. Bxf6 Nxf6 29. Rxc7 Ba2 30. Ree7 Ra8 31. Nc6 b5 32. Nb4+ Kb6 33. Nxa2 Nd5 34. Rb7+ Ka6 35. Rxh7 Nf6 36. Rhf7 Nd5 37. h4 Ne3 38. Nb4+ Ka5 39. Rxa7+ Rxa7 40. Rxa7+ Kb6 41. Ra6+ Kc7 42. h5 Nf5 43. g4 Nh6 44. g5 Nf7 45. g6 Nh6 46. g7 Kd7 47. Ra8 Ke7 48. g8Q Nxg8 49. Rxg8 Kf7 50. Rg2 1-0

[Event "EU Union-ch U10"]
[Site "Kouty nad Desnou"]
[Date "2015.08.21"]
[Round "3"]
[White "Vulpe, Raisa Georgiana"]
[Black "Gnojek, Petr"]
[Result "1/2-1/2"]
[WhiteElo "1402"]
[BlackElo "1817"]
[PlyCount "103"]
[EventDate "2015.08.19"]
[EventType "swiss"]
[EventRounds "9"]
[EventCountry "CZE"]
[SourceTitle "EXT 2016"]
[Source "ChessBase"]
[SourceDate "2015.10.08"]
[SourceVersion "1"]
[SourceVersionDate "2015.10.08"]
[SourceQuality "1"]

1. e4 c5 2. Nf3 Nc6 3. d4 cxd4 4. Nxd4 g6 5. Nc3 Bg7 6. Be3 Nf6 7. f3 0-0 8. Nb3 d6 9. Qd2 Bd7 10. 0-0-0 Ne5 11. Bh6 a6 12. h4 Nh5 13. Bxg7 Kxg7 14. Qf2 f5 15. exf5 Bxf5 16. Qd4 Bd7 17. Be2 Rc8 18. Rhf1 Ng3 19. Rf2 Nf5 20. Qf4 Qb6 21. Nd4 Nxd4 22. Qxd4 Qxd4 23. Rxd4 Ng4 24. Rf1 Ne3 25. Rg1 Nf5 26. Rb4 Bc6 27. Bd3 a5 28. Rg4 h5 29. Bxf5 Rxf5 30. Rd4 Rcf8 31. Re1 R8f7 32. Ne2 Re5 33. Kd2 Rf6 34. Ng3 Rfe6 35. Rxe5 Rxe5 36. Rd3 Kh6 37. Re3 Rd5+ 38. Rd3 Kg7 39. Rxd5 Bxd5 40. a3 Kf6 41. Ke3 e5 42. Ne4+ Bxe4 43. Kxe4 Ke6 44. c4 a4 45. g3 b6 46. f4 exf4 47. gxf4 Kf6 48. Kd5 Kf5 49. Kxd6 Kxf4 50. Kc6 g5 51. hxg5 Kxg5 52. Kxb6 1/2-1/2

[Event "EU Union-ch U10"]
[Site "Kouty nad Desnou"]
[Date "2015.08.19"]
[Round "1"]
[White "Vulpe, Raisa Georgiana"]
[Black "Stastna, Martina"]
[Result "1-0"]
[WhiteElo "1402"]
[BlackElo "1712"]
[PlyCount "61"]
[EventDate "2015.08.19"]
[EventType "swiss"]
[EventRounds "9"]
[EventCountry "CZE"]
[SourceTitle "EXT 2016"]
[Source "ChessBase"]
[SourceDate "2015.10.08"]
[SourceVersion "1"]
[SourceVersionDate "2015.10.08"]
[SourceQuality "1"]

1. e4 e5 2. Nf3 Nc6 3. Bc4 Bc5 4. c3 Nf6 5. d4 exd4 6. cxd4 Bb4+ 7. Nc3 Nxe4 8. 0-0 Bxc3 9. d5 Bf6 10. Re1 Ne7 11. Rxe4 d6 12. Bg5 Bxg5 13. Nxg5 h6 14. Qe2 hxg5 15. Re1 Be6 16. dxe6 f6 17. Re3 c6 18. Rh3 Rxh3 19. gxh3 g6 20. h4 gxh4 21. Qd2 Ng8 22. e7 Qd7 23. Be6 Qc7 24. Bxg8 Qd7 25. Be6 Qc7 26. Bh3 f5 27. Qh6 Qa5 28. Qxg6+ Kd7 29. Qxf5+ Qxf5 30. Bxf5+ Kc7 31. e8Q 1-0

[Event "ROM-ch U10 Girls"]
[Site "Calimanesti"]
[Date "2015.03.31"]
[Round "2"]
[White "Spiridon, Anisia"]
[Black "Vulpe, Raisa Georgiana"]
[Result "0-1"]
[WhiteElo "1155"]
[BlackElo "1321"]
[PlyCount "100"]
[EventDate "2015.03.30"]
[EventType "swiss"]
[EventRounds "9"]
[EventCountry "ROU"]
[SourceTitle "CBM 165 Extra"]
[Source "ChessBase"]
[SourceDate "2015.04.21"]
[SourceVersion "1"]
[SourceVersionDate "2015.04.21"]
[SourceQuality "1"]

1. d4 e6 2. c4 Nf6 3. Nc3 Bb4 4. a3 Bxc3+ 5. bxc3 b6 6. e3 d6 7. Bd3 Bb7 8. f3 c5 9. e4 Nc6 10. d5 exd5 11. cxd5 Ne5 12. Bg5 0-0 13. Ne2 h6 14. Bf4 Qe7 15. c4 Ba6 16. Qc2 Rab8 17. a4 Nfd7 18. 0-0 Rfe8 19. Bxe5 Nxe5 20. Ng3 Nxd3 21. Qxd3 Qe5 22. Rfc1 Rec8 23. Nf5 Rc7 24. Qc3 Qxc3 25. Rxc3 Rd7 26. Re1 Re8 27. f4 f6 28. Ng3 g6 29. Nf1 Rde7 30. Nd2 f5 31. Rce3 Kg7 32. Kf2 fxe4 33. Rxe4 Rxe4 34. Rxe4 Rxe4 35. Nxe4 Bxc4 36. Nxd6 Bxd5 37. g3 Bc6 38. Nc8 Bxa4 39. Nxa7 b5 40. Nc6 c4 41. Nd4 Kf6 42. Ke2 g5 43. fxg5+ Kxg5 44. Kd2 Kg4 45. Kc3 Kh3 46. Nf5 h5 47. Ng7 Bd1 48. Nf5 Kxh2 49. Kd2 Bg4 50. Ng7 Kxg3 0-1

[Event "ROM-ch U10 Girls"]
[Site "Calimanesti"]
[Date "2014.04.11"]
[Round "7"]
[White "Matasaru, Stephanie"]
[Black "Vulpe, Raisa Georgiana"]
[Result "0-1"]
[WhiteElo "1197"]
[BlackElo "1252"]
[PlyCount "143"]
[EventDate "2014.04.06"]
[EventType "swiss"]
[EventRounds "9"]
[EventCountry "ROU"]
[SourceTitle "CBM 160 Extra"]
[Source "ChessBase"]
[SourceDate "2014.07.01"]
[SourceVersion "1"]
[SourceVersionDate "2014.07.01"]
[SourceQuality "1"]

1. e4 e6 2. Nf3 d5 3. e5 c5 4. b4 Nc6 5. bxc5 Bxc5 6. d4 Bb6 7. c3 Nge7 8. Bd3 Nf5 9. Ba3 Bd7 10. 0-0 Nce7 11. Nbd2 0-0 12. Bxf5 exf5 13. Qb3 Be6 14. Bd6 Qd7 15. Qa3 Rfe8 16. Bxe7 Qxe7 17. Qxe7 Rxe7 18. Rfc1 Rc7 19. Rc2 Ba5 20. Rac1 Rac8 21. Nb1 f4 22. h3 Bf5 23. Rb2 Bxb1 24. Rcxb1 b6 25. Rb5 Rd8 26. R5b3 h6 27. Rc1 a6 28. Kf1 Rdc8 29. Ke2 Rxc3 30. Rbxc3 Rxc3 31. Rxc3 Bxc3 32. Kd3 Ba5 33. Nh2 Kf8 34. Ke2 Ke7 35. Kf3 g5 36. h4 Bc3 37. Kg4 Bxd4 38. Nf3 Bxf2 39. hxg5 hxg5 40. Kxg5 Be3 41. Kf5 d4 42. Ke4 Kd7 43. Nxd4 Bxd4 44. Kxd4 Kc6 45. Ke4 b5 46. Kxf4 Kd5 47. g4 Ke6 48. g5 b4 49. Ke4 a5 50. Kd4 a4 51. Kc4 b3 52. axb3 axb3 53. Kxb3 Kxe5 54. Kc2 Kf5 55. Kd2 Kxg5 56. Ke3 Kg4 57. Ke2 Kg3 58. Ke1 f5 59. Kd1 Kg2 60. Kd2 f4 61. Ke1 f3 62. Kd2 f2 63. Ke2 f1Q+ 64. Ke3 Qf3+ 65. Kd4 Qe2 66. Kd5 Kf3 67. Kd6 Kf4 68. Kd7 Kf5 69. Kd8 Kf6 70. Kc7 Qe3 71. Kc6 Ke6 72. Kb5 0-1

[Event "ROM-ch U10 Girls"]
[Site "Calimanesti"]
[Date "2014.04.08"]
[Round "3"]
[White "Vulpe, Raisa Georgiana"]
[Black "Trifoi, Mihaela Ioana"]
[Result "1-0"]
[WhiteElo "1252"]
[BlackElo "1482"]
[PlyCount "126"]
[EventDate "2014.04.06"]
[EventType "swiss"]
[EventRounds "9"]
[EventCountry "ROU"]
[SourceTitle "CBM 160 Extra"]
[Source "ChessBase"]
[SourceDate "2014.07.01"]
[SourceVersion "1"]
[SourceVersionDate "2014.07.01"]
[SourceQuality "1"]

1. e4 c6 2. Nf3 d5 3. Nc3 dxe4 4. Nxe4 Bf5 5. Ng3 Bg6 6. h4 h6 7. Ne5 Bh7 8. Qf3 Nf6 9. Qb3 e6 10. Qxb7 Nbd7 11. Nxc6 Qc8 12. Ba6 Qxb7 13. Bxb7 Rb8 14. Nxb8 Nxb8 15. d3 Bb4+ 16. c3 Bd6 17. d4 0-0 18. 0-0 Nbd7 19. Bc6 Nb6 20. Bb5 Nbd5 21. a3 Bxg3 22. fxg3 Ng4 23. Re1 Rb8 24. Bc4 Nb6 25. Be2 Nf6 26. Bf4 Rc8 27. Ba6 Rc6 28. Bb7 Rc4 29. Rac1 Ra4 30. Bc6 Rc4 31. Bb5 Rc8 32. Re5 Nbd5 33. c4 Nb6 34. c5 Nbd5 35. c6 Nxf4 36. gxf4 Nd5 37. b4 Kf8 38. Bf1 Ke7 39. b5 Kd6 40. a4 Nb6 41. a5 Nd5 42. g3 f6 43. Ree1 Bf5 44. Bg2 Nc7 45. b6 axb6 46. axb6 Na6 47. c7 Bd3 48. Bb7 Rxc7 49. bxc7 Nxc7 50. Be4 Bb5 51. Rb1 Be8 52. f5 Bf7 53. fxe6 Bxe6 54. Bf3 Bd5 55. Bxd5 Nxd5 56. Rb5 Kc6 57. Rxd5 Kxd5 58. Re7 g5 59. hxg5 hxg5 60. g4 Kxd4 61. Kf2 Kd5 62. Kf3 Kd6 63. Re4 Kd7 1-0

[Event "ROM-ch U08 Girls"]
[Site "Calimanesti"]
[Date "2013.04.06"]
[Round "7"]
[White "Obada, Ema"]
[Black "Vulpe, Raisa Georgiana"]
[Result "0-1"]
[WhiteElo "1117"]
[BlackElo "1148"]
[PlyCount "96"]
[EventDate "2013.04.02"]
[EventType "swiss"]
[EventRounds "9"]
[EventCountry "ROU"]
[SourceTitle "CBM 153 Extra"]
[Source "ChessBase"]
[SourceDate "2013.04.22"]
[SourceVersion "1"]
[SourceVersionDate "2013.04.22"]
[SourceQuality "1"]

1. e4 e6 2. Qe2 Nc6 3. Nf3 Bc5 4. d3 d6 5. Nc3 Nf6 6. Be3 Bxe3 7. Qxe3 e5 8. g3 0-0 9. 0-0-0 a6 10. Bg2 Be6 11. h3 b5 12. g4 b4 13. Ne2 a5 14. g5 Nd7 15. h4 a4 16. h5 b3 17. a3 bxc2 18. Rd2 Rb8 19. Rxc2 Rb6 20. Nc3 Qa8 21. Nd2 Nd4 22. g6 h6 23. gxf7+ Rxf7 24. Rg1 Kh7 25. Qg3 Rf6 26. Bh3 Qg8 27. Bxe6 Rxe6 28. Nc4 Ra6 29. Nd5 Ra7 30. Nce3 c6 31. Nb4 Nc5 32. Kb1 Nxc2 33. Kxc2 Rc7 34. Nf5 Nb3 35. f4 c5 36. Nd5 Rf7 37. Qh4 Qf8 38. Qg4 Nd4+ 39. Nxd4 cxd4 40. Qxe6 exf4 41. Rf1 f3 42. Qg6+ Kh8 43. Qg3 Qc8+ 44. Kd2 Qf8 45. b4 axb3 46. Kc1 Qc8+ 47. Kb2 Qc2+ 48. Ka1 Qa2# 0-1

[Event "ROM-ch U08 Girls"]
[Site "Calimanesti"]
[Date "2013.04.05"]
[Round "6"]
[White "Stan, Luciana Gabriela"]
[Black "Vulpe, Raisa Georgiana"]
[Result "0-1"]
[WhiteElo "1037"]
[BlackElo "1148"]
[PlyCount "58"]
[EventDate "2013.04.02"]
[EventType "swiss"]
[EventRounds "9"]
[EventCountry "ROU"]
[SourceTitle "CBM 153 Extra"]
[Source "ChessBase"]
[SourceDate "2013.04.22"]
[SourceVersion "1"]
[SourceVersionDate "2013.04.22"]
[SourceQuality "1"]

1. d4 e6 2. Nf3 Nf6 3. Bg5 Be7 4. e3 Nc6 5. Bd3 0-0 6. 0-0 d5 7. c4 dxc4 8. Bxc4 Qd6 9. a3 Rd8 10. Nc3 h6 11. Bf4 Qd7 12. Ne5 Nxe5 13. Bxe5 a6 14. a4 b6 15. Qf3 Ra7 16. Bd3 Bb7 17. Qe2 Qc6 18. f3 Nd5 19. Rac1 Qd7 20. Nxd5 Bxd5 21. Bxa6 f6 22. Bb5 Qc8 23. Bg3 c6 24. Bc4 Rad7 25. Ba6 Qa8 26. e4 Bb3 27. Ra1 Rxd4 28. a5 Rd2 29. Qe3 Bc5 0-1